| 000 | 00458nam a22001817a 4500 | ||
|---|---|---|---|
| 003 | CEME | ||
| 005 | 20210628202458.0 | ||
| 008 | 210114b xxu||||| |||| 00| 0 eng d | ||
| 020 | _a0750664517 | ||
| 040 | _cceme | ||
| 082 | _a620.004202850 MCF | ||
| 100 |
_aMcfarlane, Bob _960078 |
||
| 245 | _aBeginning autocad 2004 | ||
| 260 |
_aINDIA _bELSEVIER _c2004 |
||
| 300 | _a374P | ||
| 650 |
_aAUTOCAD 2004.BEGINNING AUTO CAD 2004 _960079 |
||
| 942 |
_cBK _2ddc |
||
| 999 |
_c569906 _d569906 |
||